|
|
|
|
| LEADER |
00951pam a22002658a 4500 |
| 001 |
00020984 |
| 005 |
20171026081023.0 |
| 008 |
110521s1987 ||||||Viesd |
| 041 |
0 |
# |
|a Vie
|
| 082 |
1 |
4 |
|a 899
|b C126NG
|
| 100 |
0 |
# |
|a Oaitơ, Patric
|
| 245 |
0 |
0 |
|a Cây người
|b 2 Tập
|c Patric Oaitơ; Người dịch :Hoàng Túy, Mạnh Chương
|n T.1
|
| 260 |
# |
# |
|a H.
|b Văn học
|c 1987
|
| 300 |
# |
# |
|a 302 tr.
|c 19 cm.
|
| 500 |
# |
# |
|a ĐTTS ghi; Văn học hiện đại nước ngoài - văn học Ôxtrâylia
|
| 650 |
# |
4 |
|a Văn học hiện đại
|
| 650 |
# |
4 |
|a Ôxtrâylia
|
| 653 |
# |
# |
|a Tiểu thuyết
|
| 700 |
0 |
# |
|a Hoàng Túy
|
| 700 |
0 |
# |
|a Mạnh Chương
|
| 852 |
# |
# |
|b Kho mượn
|j KM.0010781, KM.0010784
|
| 852 |
# |
# |
|b Kho đọc
|j KD.0006938
|
| 852 |
# |
# |
|j KM.0010781
|j KM.0010784
|j KD.0006938
|
| 910 |
|
|
|d 21/05/2011
|
| 980 |
# |
# |
|a Trung tâm Học liệu Lê Vũ Hùng, Trường Đại học Đồng Tháp
|